| 000 | 00394nam a2200157 i 4500 | ||
|---|---|---|---|
| 001 | bg | ||
| 100 | 1 | _aKRÓLIKOWSKA, Zofia. | |
| 245 | 0 |
_aMatematyka. _nT.1 / _cZofia Królikowska, Włodzimierz Stankiewicz. |
|
| 260 |
_aWarszawa, _c1983. |
||
| 700 | 1 | _aSTANKIEWICZ, Włodzimierz. | |
| 040 | _cBPK | ||
| 041 | _apol | ||
| 080 | _a51 | ||
| 942 | _cKS | ||
| 008 | s pl f |000 0 pol | ||
| 999 |
_c1962 _d1962 |
||
| 856 |
_uhttp://koha.tu.koszalin.pl/cgi-bin/koha/opac-detail.pl?biblionumber=1962 _yKatalog online BPK |
||